[Event "Titled Tue 17th Jun Early"]
[Site "chess.com INT"]
[Date "2025.06.17"]
[Round "5"]
[White "Pragnya H G"]
[Black "Fernandez Garcia, Gumersindo"]
[Result "1-0"]
[WhiteTitle "WFM"]
[BlackTitle "CM"]
[WhiteElo "2003"]
[BlackElo "2197"]
[WhiteFideId "25609785"]
[BlackFideId "24516740"]
[EventDate "2025.06.17"]

1. e4 c6 2. d3 d5 3. Nf3 g6 4. c3 Bg7 5. Nbd2 Nd7 6. g3 Ngf6 7. Bg2 O-O 8. O-O
a5 9. e5 Ne8 10. d4 e6 11. Re1 c5 12. Nf1 b5 13. h4 b4 14. h5 Nc7 15. Bg5 Qe8
16. Qd2 Ba6 17. Bh6 Nb6 18. N1h2 Nc4 19. Qf4 Qd8 20. Ng4 Ne8 21. Bxg7 Kxg7 22.
Qh6+ Kg8 23. Ng5 1-0

[Event "Titled Tue 17th Jun Early"]
[Site "chess.com INT"]
[Date "2025.06.17"]
[Round "5"]
[White "Unver, Cumayi"]
[Black "Essing, Arnold"]
[Result "0-1"]
[BlackTitle "FM"]
[WhiteElo "2012"]
[BlackElo "2197"]
[WhiteFideId "6304940"]
[BlackFideId "4619862"]
[EventDate "2025.06.17"]

1. d4 d5 2. Bg5 h6 3. Bh4 c5 4. c3 cxd4 5. cxd4 Nc6 6. Nf3 Qb6 7. Qd2 e6 8. Nc3
Be7 9. Bxe7 Ngxe7 10. e3 O-O 11. Bd3 Qc7 12. O-O e5 13. dxe5 Nxe5 14. Nxe5 Qxe5
15. Rad1 Be6 16. Be2 Rfd8 17. Bf3 Rac8 18. Qd4 Qb8 19. Rd2 a6 20. Rfd1 b5 21. a3
Rd7 22. g3 Rc4 23. Qd3 b4 24. Qb1 0-1

[Event "Titled Tue 17th Jun Early"]
[Site "chess.com INT"]
[Date "2025.06.17"]
[Round "5"]
[White "Klukin, Kirill"]
[Black "Mindlin, Alon"]
[Result "1-0"]
[WhiteTitle "IM"]
[BlackTitle "IM"]
[WhiteElo "2401"]
[BlackElo "2451"]
[WhiteFideId "24199273"]
[BlackFideId "2800071"]
[EventDate "2025.06.17"]

1. d3 Nf6 2. Nf3 d5 3. g3 Nc6 4. Bf4 g6 5. Bg2 Bg7 6. c3 O-O 7. O-O Re8 8. Ne5
Nh5 9. Nxc6 bxc6 10. Bd2 Rb8 11. Qc2 e5 12. e4 Ba6 13. Re1 Qd7 14. Na3 Red8 15.
Be3 Nf6 16. Bxa7 Rb7 17. Be3 Ng4 18. Bc5 dxe4 19. Bxe4 Bxd3 20. Bxd3 Qd5 21. b4
Rbb8 22. Rad1 1-0

[Event "Titled Tue 17th Jun Early"]
[Site "chess.com INT"]
[Date "2025.06.17"]
[Round "5"]
[White "Skiadopoulos, Nikolaos"]
[Black "Fiskaaen, Martin Holten"]
[Result "1/2-1/2"]
[WhiteTitle "CM"]
[BlackTitle "FM"]
[WhiteElo "1882"]
[BlackElo "2292"]
[WhiteFideId "4200772"]
[BlackFideId "1550233"]
[EventDate "2025.06.17"]

1. e4 c5 2. Nf3 d6 3. Bc4 Nf6 4. Nc3 a6 5. a4 e6 6. O-O Be7 7. Re1 O-O 8. d3 Nc6
9. h3 d5 10. exd5 exd5 11. Bb3 Nd4 12. Nxd4 cxd4 13. Ne2 Bc5 14. Nf4 h6 15. Qf3
Bb4 16. Re2 Bd7 17. Nxd5 Nxd5 18. Bxd5 Rb8 19. Bxb7 Qb6 20. Bd5 Rbc8 21. Bb3 a5
22. Qg3 Kh8 23. Bf4 Bf5 24. Bd2 Bd6 25. Bf4 Bb4 26. Bd2 Bd6 27. Bf4 Bb4 1/2-1/2

[Event "Titled Tue 17th Jun Early"]
[Site "chess.com INT"]
[Date "2025.06.17"]
[Round "5"]
[White "Bluebaum, Matthias"]
[Black "Shogdzhiev, Roman"]
[Result "1-0"]
[WhiteTitle "GM"]
[BlackTitle "FM"]
[WhiteElo "2663"]
[BlackElo "2402"]
[WhiteFideId "24651516"]
[BlackFideId "55653537"]
[EventDate "2025.06.17"]

1. d4 d5 2. c4 c6 3. Nf3 Nf6 4. Nc3 e6 5. Qc2 dxc4 6. e4 b5 7. Be2 Be7 8. O-O
O-O 9. e5 Nd5 10. Ne4 h6 11. b3 cxb3 12. axb3 a5 13. Bd2 Qb6 14. Qc1 f5 15. exf6
Nxf6 16. Nc5 Bxc5 17. dxc5 Qc7 18. Bf4 Qf7 19. Bd6 Rd8 20. Ne5 Qe8 21. Bd3 Qh5
22. Bg6 Qh4 23. Bf7+ Kh7 24. Qc2+ 1-0

[Event "Titled Tue 17th Jun Early"]
[Site "chess.com INT"]
[Date "2025.06.17"]
[Round "5"]
[White "Malikova, Marjona"]
[Black "Atoyan, Alberto"]
[Result "0-1"]
[WhiteTitle "WIM"]
[BlackTitle "CM"]
[WhiteElo "2055"]
[BlackElo "2266"]
[WhiteFideId "14212463"]
[BlackFideId "13314831"]
[EventDate "2025.06.17"]

1. d4 Nf6 2. c4 c5 3. d5 b5 4. cxb5 a6 5. bxa6 Bxa6 6. Nc3 g6 7. e4 Bxf1 8. Kxf1
d6 9. g3 Bg7 10. Kg2 O-O 11. Nf3 Nbd7 12. a4 Qb6 13. Qc2 Rfb8 14. Nb5 Ne8 15.
Rb1 Nc7 16. Nxc7 Qxc7 17. b3 Qb7 18. Bg5 Kf8 19. h4 h5 20. Nd2 Bd4 21. Nc4 Nb6
22. Rhe1 Nxc4 23. Qxc4 Ra6 24. Be3 Bxe3 25. Rxe3 Rb6 26. Qc3 Kg8 27. f4 Rb4 28.
Kf3 Rxa4 29. bxa4 Qxb1 30. a5 Qf1# 0-1

[Event "Titled Tue 17th Jun Early"]
[Site "chess.com INT"]
[Date "2025.06.17"]
[Round "5"]
[White "Lorans, Sylvain"]
[Black "Khanbutaev, Artemii"]
[Result "0-1"]
[WhiteTitle "CM"]
[WhiteElo "2155"]
[BlackElo "2139"]
[WhiteFideId "605794"]
[BlackFideId "55747175"]
[EventDate "2025.06.17"]

1. d4 d5 2. c4 dxc4 3. Nf3 Nf6 4. e3 Be6 5. Ng5 Bd5 6. Nc3 h6 7. Nxd5 Qxd5 8.
Nf3 c5 9. Qa4+ Qd7 10. Qxc4 cxd4 11. Nxd4 e6 12. Qb3 a6 13. Bd2 Be7 14. Be2 O-O
15. Bf3 e5 16. Ne2 e4 0-1

[Event "Titled Tue 17th Jun Early"]
[Site "chess.com INT"]
[Date "2025.06.17"]
[Round "5"]
[White "Buscar, Michael"]
[Black "Weigand, Anton"]
[Result "1-0"]
[BlackTitle "CM"]
[WhiteElo "2016"]
[BlackElo "2197"]
[WhiteFideId "2603616"]
[BlackFideId "16221915"]
[EventDate "2025.06.17"]

1. d4 d5 2. c4 dxc4 3. e3 e5 4. Bxc4 exd4 5. Nf3 Nf6 6. O-O Be7 7. exd4 O-O 8.
Nc3 Bg4 9. Re1 c6 10. Bg5 h6 11. Bh4 Nbd7 12. Bb3 Re8 13. Qd3 Bf8 14. Rxe8 Qxe8
15. Re1 Qd8 16. Qg6 Bh5 17. Bxf7+ Kh8 18. Qxh5 Nxh5 19. Bxd8 Rxd8 20. Bxh5 Bb4
21. Ne5 Nxe5 22. Rxe5 Rxd4 23. Bg6 Bxc3 24. Re8# 1-0

[Event "Titled Tue 17th Jun Early"]
[Site "chess.com INT"]
[Date "2025.06.17"]
[Round "5"]
[White "Chen, Ryo"]
[Black "Vaganian, Rafael A"]
[Result "1-0"]
[WhiteTitle "IM"]
[BlackTitle "GM"]
[WhiteElo "2395"]
[BlackElo "2449"]
[WhiteFideId "7003072"]
[BlackFideId "13300016"]
[EventDate "2025.06.17"]

1. e4 e6 2. d4 d5 3. Nd2 c5 4. Ngf3 Nc6 5. exd5 exd5 6. dxc5 Bxc5 7. Nb3 Bb6 8.
Bd3 Nf6 9. Qe2+ Be6 10. Be3 d4 11. Bg5 O-O 12. O-O-O Re8 13. Qd2 h6 14. Bxh6
gxh6 15. Qxh6 Nb4 16. Ng5 Nxd3+ 17. Rxd3 Bc7 18. Rg3 Bf4+ 19. Kb1 Bxb3 20. Ne6+
Bxg3 21. Qg7# 1-0

[Event "Titled Tue 17th Jun Early"]
[Site "chess.com INT"]
[Date "2025.06.17"]
[Round "5"]
[White "Ezat, Mohamed"]
[Black "Ziegler, Ari"]
[Result "1-0"]
[WhiteTitle "IM"]
[BlackTitle "IM"]
[WhiteElo "2299"]
[BlackElo "2297"]
[WhiteFideId "10600906"]
[BlackFideId "1700987"]
[EventDate "2025.06.17"]

1. e4 e6 2. d4 d5 3. Nc3 Nf6 4. Bg5 Be7 5. e5 Nfd7 6. h4 Bxg5 7. hxg5 Qxg5 8.
Nf3 Qe7 9. Bd3 h6 10. Qd2 Nc6 11. O-O-O Nb6 12. g4 Bd7 13. g5 h5 14. g6 O-O-O
15. Qg5 f6 16. Qh4 Nc4 17. Bxc4 dxc4 18. d5 exd5 19. Nxd5 Qe6 20. exf6 gxf6 21.
Qf4 Ne5 22. g7 Rhg8 23. Rxh5 c3 24. Nxe5 fxe5 25. Rxe5 cxb2+ 26. Kb1 Qg4 27.
Qxg4 Bxg4 28. Ne7+ Kb8 29. Rxd8+ Rxd8 30. g8=Q 1-0

[Event "Titled Tue 17th Jun Early"]
[Site "chess.com INT"]
[Date "2025.06.17"]
[Round "5"]
[White "Maximov, Dmitry"]
[Black "Baturin-Vinogradov, Miroslav"]
[Result "1-0"]
[WhiteTitle "GM"]
[BlackTitle "CM"]
[WhiteElo "2476"]
[BlackElo "2046"]
[WhiteFideId "14105659"]
[BlackFideId "55745741"]
[EventDate "2025.06.17"]

1. e4 c5 2. Nf3 e6 3. c3 d5 4. e5 Nc6 5. d4 Qb6 6. a3 Bd7 7. b4 cxd4 8. cxd4 Nh6
9. Be3 Nf5 10. Bd3 Nxe3 11. fxe3 Be7 12. O-O f5 13. exf6 Bxf6 14. Nc3 Qc7 15.
Rc1 a6 16. Ng5 Bxg5 17. Qh5+ g6 18. Bxg6+ hxg6 19. Qxh8+ Ke7 20. Qg7+ Kd6 21.
Nxd5 Kxd5 22. Rc5+ Kd6 23. Rxg5 Re8 24. e4 Qd8 25. Rc5 Qg5 26. Rxg5 1-0

[Event "Titled Tue 17th Jun Early"]
[Site "chess.com INT"]
[Date "2025.06.17"]
[Round "5"]
[White "Akshit, Kumar J"]
[Black "Li, Hui"]
[Result "1-0"]
[WhiteTitle "CM"]
[BlackTitle "CM"]
[WhiteElo "2074"]
[BlackElo "2041"]
[WhiteFideId "25097431"]
[BlackFideId "15400310"]
[EventDate "2025.06.17"]

1. e4 e5 2. Nf3 Nf6 3. Nxe5 d6 4. Nf3 Nxe4 5. Nc3 Nxc3 6. dxc3 Be7 7. Bd3 Nc6 8.
Be3 Be6 9. Qe2 Qd7 10. O-O-O O-O-O 11. Bb5 Bf6 12. Bxa7 Bxa2 13. Nd4 Bg5+ 14.
Rd2 Qe8 15. Qg4+ Be6 16. Qxg5 Nxa7 17. Bxe8 1-0

[Event "Titled Tue 17th Jun Early"]
[Site "chess.com INT"]
[Date "2025.06.17"]
[Round "5"]
[White "Pavlov, Nikolay"]
[Black "Fedorov, Artem Alek"]
[Result "1-0"]
[WhiteTitle "FM"]
[BlackTitle "CM"]
[WhiteElo "2316"]
[BlackElo "2157"]
[WhiteFideId "24141470"]
[BlackFideId "34418431"]
[EventDate "2025.06.17"]

1. e4 c5 2. Nf3 e6 3. d4 cxd4 4. Nxd4 Nf6 5. Nc3 Nc6 6. Ndb5 Bc5 7. Bf4 O-O 8.
Bc7 Qe7 9. Bd6 Bxd6 10. Qxd6 Qd8 11. Qc7 d5 12. O-O-O a6 13. Qxd8 Rxd8 14. Nc7
Ra7 15. exd5 exd5 16. N3xd5 Ne4 17. Ne7+ Kf8 18. Rxd8+ Kxe7 19. Rxc8 Kd7 20. Rf8
Kxc7 21. Rxf7+ Kd6 22. Bd3 Ne5 23. Rxg7 Nxf2 24. Rf1 Nfxd3+ 25. cxd3 Nxd3+ 26.
Kc2 Ne5 27. Rf8 a5 28. Rxh7 Ra6 29. Rh6+ 1-0

[Event "Titled Tue 17th Jun Early"]
[Site "chess.com INT"]
[Date "2025.06.17"]
[Round "5"]
[White "Sitnic, Adnan"]
[Black "Osiecki, Stanislaw"]
[Result "1-0"]
[WhiteTitle "CM"]
[BlackTitle "FM"]
[WhiteElo "2058"]
[BlackElo "1944"]
[WhiteFideId "14403854"]
[BlackFideId "1102990"]
[EventDate "2025.06.17"]

1. e4 e6 2. d4 d5 3. Nd2 c5 4. exd5 exd5 5. Ngf3 cxd4 6. Nxd4 Nc6 7. N2f3 Bd6 8.
Bb5 Bd7 9. O-O Nxd4 10. Nxd4 Ne7 11. Bd3 O-O 12. Qh5 g6 13. Qh6 Be5 14. c3 Bg7
15. Qh4 Bxd4 16. Qxd4 Bf5 17. Bh6 f6 18. Bxf8 Qxf8 19. Bxf5 gxf5 20. Rfe1 Kh8
21. Re6 Ng8 22. Rae1 Rd8 23. h3 b6 24. Qe3 Qg7 25. Re8 Rxe8 26. Qxe8 f4 27. Qe2
Qc7 28. Qf3 Qd6 29. Re8 Qd7 30. Ra8 Qb7 31. Rd8 Qe7 32. Qxd5 Qg7 1-0

[Event "Titled Tue 17th Jun Early"]
[Site "chess.com INT"]
[Date "2025.06.17"]
[Round "5"]
[White "Shevchenko, Yaroslav"]
[Black "Weetik, Vjacheslav"]
[Result "0-1"]
[BlackTitle "FM"]
[WhiteElo "2179"]
[BlackElo "2423"]
[WhiteFideId "34144684"]
[BlackFideId "4153472"]
[EventDate "2025.06.17"]

1. e4 c6 2. d4 d5 3. Nc3 dxe4 4. Nxe4 Nf6 5. Qd3 g6 6. Nxf6+ exf6 7. Be3 Be6 8.
Ne2 Bd6 9. Nf4 Bf5 10. Qb3 O-O 11. O-O-O Qc7 12. Nd3 a5 13. Qc3 Nd7 14. f3 Rfe8
15. Re1 Nb6 16. Qd2 Nc4 17. Qf2 Bxd3 18. Bxd3 Nxe3 19. Rxe3 Rxe3 0-1

[Event "Titled Tue 17th Jun Early"]
[Site "chess.com INT"]
[Date "2025.06.17"]
[Round "5"]
[White "Jasinski, Alexander"]
[Black "Cori Quispe, Kevin Joel"]
[Result "1-0"]
[BlackTitle "GM"]
[WhiteElo "1989"]
[BlackElo "2464"]
[WhiteFideId "55627994"]
[BlackFideId "3814017"]
[EventDate "2025.06.17"]

1. e4 g6 2. d4 Bg7 3. c3 d6 4. Bd3 a6 5. Be3 b5 6. Nd2 Bb7 7. Ne2 Nd7 8. O-O c5
9. f3 Ngf6 10. Kh1 O-O 11. a4 c4 12. Bc2 e5 13. Qe1 d5 14. dxe5 Nxe5 15. Bd4 Re8
16. Qg3 dxe4 17. Nxe4 Nxe4 18. Bxe4 Bxe4 19. fxe4 Nd3 20. Bxg7 Kxg7 21. Nd4 bxa4
22. Qf3 Qd7 23. Rxa4 Qxa4 24. Qf6+ Kh6 25. Nf5+ 1-0

[Event "Titled Tue 17th Jun Early"]
[Site "chess.com INT"]
[Date "2025.06.17"]
[Round "5"]
[White "Ivashentseva, Dominika"]
[Black "Jakovljevic, Dejan"]
[Result "1-0"]
[WhiteTitle "WCM"]
[BlackTitle "CM"]
[WhiteElo "1969"]
[BlackElo "1956"]
[WhiteFideId "34331050"]
[BlackFideId "949418"]
[EventDate "2025.06.17"]

1. d4 Nf6 2. c4 e5 3. dxe5 Ng4 4. Nf3 Bc5 5. e3 Nc6 6. Nc3 Ngxe5 7. Nxe5 Nxe5 8.
Be2 O-O 9. a3 a5 10. O-O Ra6 11. f4 Rd6 12. Qc2 Rh6 13. fxe5 Qh4 14. h3 Qg3 15.
Rf3 Qxe5 16. Qe4 Qg5 17. Rf5 Qg3 18. Qf3 Rxh3 19. Qxg3 Rxg3 20. Rxc5 d6 21. Rxc7
Bh3 22. Bf3 Re8 23. Kf2 1-0

[Event "Titled Tue 17th Jun Early"]
[Site "chess.com INT"]
[Date "2025.06.17"]
[Round "5"]
[White "Caruana, Fabiano"]
[Black "Shermuhammadov, Samandar"]
[Result "1-0"]
[WhiteTitle "GM"]
[BlackTitle "FM"]
[WhiteElo "2777"]
[BlackElo "2110"]
[WhiteFideId "2020009"]
[BlackFideId "14205602"]
[EventDate "2025.06.17"]

1. e4 d6 2. d4 e5 3. Nf3 exd4 4. Nxd4 Nf6 5. Nc3 g6 6. g3 Bg7 7. Bg2 O-O 8. O-O
Re8 9. h3 Nc6 10. Be3 Bd7 11. a4 Qc8 12. Kh2 Ne5 13. b3 a6 14. a5 h6 15. Re1 Kh7
16. f4 Neg4+ 17. hxg4 Nxg4+ 18. Kh1 c5 19. Bg1 cxd4 20. Nd5 Be6 21. Nb6 Qc3 22.
Qd3 Qxd3 23. cxd3 Rad8 24. b4 Ne3 25. Rac1 Nc2 26. Rxc2 f5 27. Rc7 fxe4 28. Bxd4 1-0

[Event "Titled Tue 17th Jun Early"]
[Site "chess.com INT"]
[Date "2025.06.17"]
[Round "5"]
[White "Laddha, Shubh Jayesh"]
[Black "Devaev, Alexander"]
[Result "1-0"]
[WhiteTitle "FM"]
[BlackTitle "FM"]
[WhiteElo "2303"]
[BlackElo "2306"]
[WhiteFideId "30942799"]
[BlackFideId "4169395"]
[EventDate "2025.06.17"]

1. e4 c6 2. d4 d5 3. e5 Bf5 4. h4 Qb6 5. h5 h6 6. Ne2 e6 7. Ng3 Bh7 8. c4 dxc4
9. Nc3 Ne7 10. Bxc4 Nd5 11. O-O Be7 12. Qg4 Kf8 13. Bb3 Nd7 14. Bxd5 cxd5 15.
Nxd5 exd5 16. Qxd7 Rd8 17. Qg4 Qe6 18. Qe2 f6 19. f4 fxe5 20. dxe5 Bh4 21. f5
Qb6+ 22. Be3 Qc7 23. Bf4 Qc5+ 24. Kh2 Qc4 25. Qg4 Bxg3+ 26. Qxg3 Bxf5 27. Be3
Qe4 28. Rf4 Qd3 29. Raf1 g6 30. hxg6 Kg7 31. Rxf5 1-0

[Event "Titled Tue 17th Jun Early"]
[Site "chess.com INT"]
[Date "2025.06.17"]
[Round "5"]
[White "Emujin Enkh-Amgalan"]
[Black "Andreev, Konstantin"]
[Result "0-1"]
[WhiteTitle "WCM"]
[BlackTitle "FM"]
[WhiteElo "2022"]
[BlackElo "2208"]
[WhiteFideId "4908023"]
[BlackFideId "24239305"]
[EventDate "2025.06.17"]

1. d4 Nf6 2. c4 e6 3. Nf3 d5 4. Nc3 dxc4 5. e4 b5 6. e5 Nd5 7. Nxb5 Nb6 8. Be2
Nc6 9. O-O Rb8 10. Bg5 Be7 11. Bxe7 Nxe7 12. Rc1 Ba6 13. Na3 O-O 14. Nxc4 Nxc4
15. Bxc4 Bxc4 16. Rxc4 Rxb2 17. Qa4 Qb8 18. Qd7 Nd5 19. Rc5 Rxa2 20. Ng5 h6 21.
Nxe6 fxe6 22. Qxe6+ Kh8 23. Rxd5 Raxf2 24. Re1 Re2 25. Rf1 Rxf1+ 26. Kxf1 Rc2
27. Rd8+ Qxd8 28. Qf5 Rd2 0-1

[Event "Titled Tue 17th Jun Early"]
[Site "chess.com INT"]
[Date "2025.06.17"]
[Round "5"]
[White "Chaulagain, Purusottam"]
[Black "Khafizova, Diana"]
[Result "1-0"]
[WhiteTitle "CM"]
[BlackTitle "WFM"]
[WhiteElo "1952"]
[BlackElo "2075"]
[WhiteFideId "12300730"]
[BlackFideId "34378049"]
[EventDate "2025.06.17"]

1. d4 d5 2. Nc3 c5 3. e4 dxe4 4. d5 Nf6 5. Nge2 e6 6. Bg5 Be7 7. Nf4 Nxd5 8.
Bxe7 Nxe7 9. Qxd8+ Kxd8 10. O-O-O+ Kc7 11. Nxe4 b6 12. Nd6 Rf8 13. Nh5 Nd5 14.
Nb5+ Kc6 15. Nxg7 Ba6 16. a4 Nd7 17. Nh5 Rad8 18. g3 N7f6 19. Nxf6 Nxf6 20. Bg2+
Nd5 21. c4 Bxb5 22. axb5+ Kc7 23. cxd5 exd5 24. Rxd5 Rxd5 25. Bxd5 f5 26. Re1
Kd6 27. Bc6 f4 28. Re8 Rf7 29. Rd8+ Ke5 30. Rd7 Rxd7 31. Bxd7 fxg3 32. hxg3 Ke4
33. Bc6+ Kf5 34. Kd2 Kg4 35. Ke3 1-0

[Event "Titled Tue 17th Jun Early"]
[Site "chess.com INT"]
[Date "2025.06.17"]
[Round "5"]
[White "Agarwal, Amaya"]
[Black "Molina Sumoza, Jesus Alberto"]
[Result "0-1"]
[WhiteTitle "WCM"]
[BlackTitle "CM"]
[WhiteElo "2004"]
[BlackElo "2025"]
[WhiteFideId "48733580"]
[BlackFideId "3901874"]
[EventDate "2025.06.17"]

1. e4 e5 2. Nf3 Nc6 3. d4 exd4 4. Bc4 Nf6 5. e5 d5 6. Bb5 Ne4 7. Nxd4 Bc5 8.
Bxc6+ bxc6 9. Be3 Bd7 10. Nd2 Nxd2 11. Qxd2 Qe7 12. f4 Bb6 13. O-O c5 14. Nf3 d4
15. Bf2 O-O 16. Bh4 Qe6 17. a4 a5 18. Ng5 Qg4 19. Bg3 c4 20. Kh1 Bc6 21. Nf3
Rad8 22. h3 Qxg3 0-1

[Event "Titled Tue 17th Jun Early"]
[Site "chess.com INT"]
[Date "2025.06.17"]
[Round "5"]
[White "Lee, Qing Aun"]
[Black "Parpiev, Isaak"]
[Result "0-1"]
[WhiteTitle "FM"]
[BlackTitle "CM"]
[WhiteElo "2280"]
[BlackElo "2364"]
[WhiteFideId "5804167"]
[BlackFideId "34281576"]
[EventDate "2025.06.17"]

1. d4 d5 2. Nc3 Nf6 3. Bf4 c5 4. e4 Nxe4 5. Nxe4 dxe4 6. dxc5 Qxd1+ 7. Rxd1 Nc6
8. c3 e5 9. Be3 Be6 10. a3 f5 11. g3 f4 12. gxf4 exf4 13. Bxf4 Bxc5 14. Bg2 O-O
15. Ne2 Bg4 16. Bg3 Bf3 17. Rg1 Rae8 18. Bd6 Bxd6 19. Rxd6 Ne5 20. Bh3 Nd3+ 21.
Kd2 Bxe2 22. Be6+ Kh8 23. Kxe2 Nf4+ 0-1

[Event "Titled Tue 17th Jun Early"]
[Site "chess.com INT"]
[Date "2025.06.17"]
[Round "5"]
[White "Aakash, G"]
[Black "Terron Elena, Francisco M."]
[Result "1-0"]
[WhiteTitle "FM"]
[BlackTitle "FM"]
[WhiteElo "2123"]
[BlackElo "2148"]
[WhiteFideId "25644394"]
[BlackFideId "2210576"]
[EventDate "2025.06.17"]

1. d4 Nf6 2. c4 e6 3. Nc3 d5 4. cxd5 exd5 5. Bg5 c6 6. e3 h6 7. Bh4 Be6 8. Bd3
Nbd7 9. Nge2 g5 10. Bg3 Nh5 11. Qc2 Qa5 12. O-O Nxg3 13. hxg3 Bg7 14. f4 Bg4 15.
Bf5 Nf6 16. fxg5 hxg5 17. Bxg4 Nxg4 18. Qf5 Nf6 19. Qe5+ Kf8 20. Rxf6 Bxf6 21.
Qxf6 Qd8 22. Qxh8+ 1-0

[Event "Titled Tue 17th Jun Early"]
[Site "chess.com INT"]
[Date "2025.06.17"]
[Round "5"]
[White "Craciun, Sasha-Matei"]
[Black "Blackburn, Jonathan L B"]
[Result "1-0"]
[WhiteTitle "FM"]
[BlackTitle "FM"]
[WhiteElo "2320"]
[BlackElo "2207"]
[WhiteFideId "1281186"]
[BlackFideId "1801090"]
[EventDate "2025.06.17"]

1. e4 e6 2. d4 d5 3. Nc3 Nf6 4. exd5 exd5 5. Bg5 Be7 6. Qd2 h6 7. Bf4 O-O 8.
O-O-O Bb4 9. f3 c5 10. Nge2 Nc6 11. dxc5 Qa5 12. Kb1 Be6 13. Bd6 d4 14. Nxd4
Bxa2+ 15. Kc1 Be6 16. Qf4 Nxd4 17. Qxd4 Qa1+ 18. Kd2 Qxb2 19. Bxf8 Nd5 20. Qxg7# 1-0

[Event "Titled Tue 17th Jun Early"]
[Site "chess.com INT"]
[Date "2025.06.17"]
[Round "5"]
[White "Lissillour, Baptiste"]
[Black "Cernov, Henrik"]
[Result "0-1"]
[WhiteTitle "FM"]
[BlackTitle "FM"]
[WhiteElo "2312"]
[BlackElo "2325"]
[WhiteFideId "45179620"]
[BlackFideId "16258312"]
[EventDate "2025.06.17"]

1. e4 c5 2. Nf3 e6 3. d4 cxd4 4. Nxd4 Nf6 5. Nc3 Nc6 6. Ndb5 Bc5 7. Bf4 O-O 8.
Bc7 Qe7 9. Bd6 Bxd6 10. Qxd6 Qd8 11. Nc7 Rb8 12. a4 a6 13. Be2 Qe7 14. O-O-O
Qxd6 15. Rxd6 Rd8 16. Rhd1 Kf8 17. g4 g5 18. h4 h6 19. hxg5 hxg5 20. f3 Ke7 21.
R6d2 d6 0-1

[Event "Titled Tue 17th Jun Early"]
[Site "chess.com INT"]
[Date "2025.06.17"]
[Round "5"]
[White "Tsydypov, Zhamsaran"]
[Black "Anakok, Deniz"]
[Result "1-0"]
[WhiteTitle "GM"]
[BlackTitle "CM"]
[WhiteElo "2514"]
[BlackElo "2058"]
[WhiteFideId "4108566"]
[BlackFideId "51603586"]
[EventDate "2025.06.17"]

1. e4 c5 2. Nf3 e6 3. d4 cxd4 4. Nxd4 Nf6 5. Nc3 Nc6 6. Nxc6 bxc6 7. e5 Nd5 8.
Ne4 Qc7 9. f4 Qa5+ 10. c3 Qb6 11. Qf3 Ba6 12. a3 Bxf1 13. Rxf1 f5 14. exf6 Nxf6
15. Nxf6+ gxf6 16. Qh5+ Kd8 17. Qe2 a5 18. Be3 Qb3 19. Rd1 d5 20. Bd4 Kd7 21.
Bxf6 Rg8 22. Rf3 Bd6 23. Rh3 Kc7 24. Rxh7+ Kb6 25. g3 Rg6 26. Bd4+ c5 27. Be5
Bf8 28. Rd2 Rc8 29. Qh5 Rg8 30. Qf7 Bg7 31. Rxg7 1-0

[Event "Titled Tue 17th Jun Early"]
[Site "chess.com INT"]
[Date "2025.06.17"]
[Round "5"]
[White "Mompel Ferruz, Xavier"]
[Black "Bharath, Subramaniyam H"]
[Result "0-1"]
[WhiteTitle "FM"]
[BlackTitle "GM"]
[WhiteElo "2342"]
[BlackElo "2558"]
[WhiteFideId "54585775"]
[BlackFideId "46634827"]
[EventDate "2025.06.17"]

1. e4 c5 2. Nf3 Nf6 3. e5 Nd5 4. c4 Nc7 5. d4 cxd4 6. Nxd4 g6 7. Nc3 Bg7 8. Bf4
Nc6 9. Nxc6 bxc6 10. Qd2 Ne6 11. Bg3 Qa5 12. Ne4 Qc7 13. Nf6+ Kf8 14. Rd1 h5 15.
h4 Bh6 16. Qb4 c5 17. Qc3 exf6 18. exf6 Qb6 19. Bd6+ Kg8 20. a3 Nd4 21. Be5 Qe6
22. f4 d6 23. Rxd4 cxd4 24. Qxd4 dxe5 25. fxe5 Kh7 26. Bd3 Re8 27. O-O Qxe5 0-1

[Event "Titled Tue 17th Jun Early"]
[Site "chess.com INT"]
[Date "2025.06.17"]
[Round "5"]
[White "Moreira, Ronaldo Alonso"]
[Black "Alikulov, Elbek"]
[Result "0-1"]
[BlackTitle "IM"]
[WhiteElo "2094"]
[BlackElo "2305"]
[WhiteFideId "2110547"]
[BlackFideId "14203308"]
[EventDate "2025.06.17"]

1. d4 Nf6 2. c4 g6 3. Nc3 Bg7 4. e4 d6 5. Nf3 O-O 6. h3 e5 7. d5 Na6 8. Bg5 Qe8
9. g4 Bd7 10. Rg1 Nc5 11. Nd2 c6 12. b4 Na6 13. a3 cxd5 14. cxd5 Nc7 15. Nc4 Qe7
16. Qb3 Nb5 17. Nxb5 Bxb5 18. f3 Qd7 19. Kf2 Rfc8 20. Bd3 Qd8 21. Rgc1 Nxe4+ 22.
Bxe4 Qxg5 23. Ne3 Bh6 24. Rxc8+ Rxc8 25. Ng2 Qd2+ 26. Kg1 Rc3 27. Qd1 Rxa3 0-1